| 000 | 01336 a2200217 4500 | ||
|---|---|---|---|
| 003 | Nust | ||
| 005 | 20221223142839.0 | ||
| 010 | _a 00057982 | ||
| 020 | _a0849309352 (alk. paper) | ||
| 040 | _cNust | ||
| 082 | 0 | 0 | _a621.3827,FRA |
| 100 | 1 |
_aFranz, J. H. _9105765 |
|
| 245 | 1 | 0 |
_aOptical communications components and systems : _banalysis, design, optimization, application / _cJ.H. Franz, V.K. Jain. |
| 260 |
_aBoca Raton, FL : _bCRC Press/Narosa Pub. House, _cc2000. |
||
| 300 |
_axvi, 717 p. : _bill. ; _c25 cm. |
||
| 505 | _aIntroduction (Page-1), Optical Sources And Transmitters (Page-11), Laser Noise (Page-45), Optical Fibers (Page-99), Polarization Fluctuations (Page-159), Optical Detectors And Receivers (Page-209), Optical Amplifiers (Page-245), Optical Network Components (Page-267), Fundamentals Of Optical Communication Systems (Page-329), Incoherent Systems:Analysis And Optimization (Page-381), Coherent Systems:Analysis And Optimization (Page-401), Systems Comparison, Applications And Physical Limits (Page-519), Fiber Link Design (Page-565), Optical Networks (Page-577), Optical Space Communications (Page-655). | ||
| 650 | 0 | _aTelecommunication engineering | |
| 700 | 1 |
_aJain, V. K. _941913 |
|
| 856 | 4 | 2 |
_3Publisher description _uhttp://www.loc.gov/catdir/enhancements/fy0646/00057982-d.html |
| 942 |
_2ddc _cBK |
||
| 999 |
_c182924 _d182924 |
||